| 000 | 00520 a2200169 4500 | ||
|---|---|---|---|
| 999 |
_c8148 _d8148 |
||
| 003 | GBCCL | ||
| 005 | 20241126110644.0 | ||
| 008 | 190409b ||||| |||| 00| 0 eng d | ||
| 040 | _cgbc | ||
| 082 |
_a230.0464 _bWID |
||
| 100 |
_aWidyatmadja, Josef Purnama _914170 |
||
| 245 |
_aJesus & Wong cilik : _btransformative Diakonia , Theology with the marginalized people of Asia |
||
| 260 |
_aKolkata: _bPTCA/SCEPTRE, _c2015 |
||
| 300 | _a200p. ; | ||
| 650 |
_aComtextual theology _vpoor people _zAsia _914171 |
||
| 942 |
_2ddc _cBK |
||